पं. किशोरीदास वाजपेयी ग्रंथावली / (Record no. 16275)

MARC details
000 -LEADER
fixed length control field 03165nam a22004337a 4500
005 - DATE AND TIME OF LATEST TRANSACTION
control field 20081006144546.0
008 - FIXED-LENGTH DATA ELEMENTS--GENERAL INFORMATION
fixed length control field 081006t xxu||||| |||| 00| 0 hin d
010 ## - LCCN (DPL NO)
LC control number HIN-84302-307
020 ## - INTERNATIONAL STANDARD BOOK NUMBER
International Standard Book Number 9788181436856
Terms of availability 5000.00 (सेट)
020 ## - INTERNATIONAL STANDARD BOOK NUMBER
International Standard Book Number 9788181436870
020 ## - INTERNATIONAL STANDARD BOOK NUMBER
International Standard Book Number 9788181436887
020 ## - INTERNATIONAL STANDARD BOOK NUMBER
International Standard Book Number 9788181436863
020 ## - INTERNATIONAL STANDARD BOOK NUMBER
International Standard Book Number 9788181436894
020 ## - INTERNATIONAL STANDARD BOOK NUMBER
International Standard Book Number 9788181437723
035 ## - SYSTEM CONTROL NUMBER
System control number HN-56648-653
037 ## - SOURCE OF ACQUISITION
Source of stock number/acquisition DBAD / PUB
040 ## - CATALOGING SOURCE
Original cataloging agency DPL
Language of cataloging HN
082 ## - DEWEY DECIMAL CLASSIFICATION NUMBER
Classification number 820.92
245 ## - TITLE STATEMENT
Title पं. किशोरीदास वाजपेयी ग्रंथावली /
Statement of responsibility, etc विष्णुदत्त राकेश द्वारा संपादित
246 ## - VARYING FORM OF TITLE
Title proper/short title Pt. Kishori Das Vajpayee Granthavali
Remainder of title edited by Vishnu Datt Rakesh
260 ## - PUBLICATION, DISTRIBUTION, ETC. (IMPRINT)
Place of publication, distribution, etc नई दिल्ली
Name of publisher, distributor, etc वाणी प्रकाशन
Date of publication, distribution, etc 2008
270 ## - ADDRESS
Address 21-ए, दरियागंज
City नई दिल्ली
Postal code 110002
Telephone number 011 23273167, 23275710, 41562622
Fax number 011 23275710
Electronic mail address vaniprakashan@gmail.com
300 ## - PHYSICAL DESCRIPTION
Extent 6भाग, 399पृ; 567पृ; 526पृ; 462पृ; 599पृ; 340पृ
Dimensions 22सेमी (सजिल्द)
500 ## - GENERAL NOTE
General note 6 भागों में प्रकाशित ।
600 ## - SUBJECT ADDED ENTRY--PERSONAL NAME
Personal name वाजपेयी, किशोरीदास
600 ## - SUBJECT ADDED ENTRY--PERSONAL NAME
Personal name Vajpeyi, Kishoridas
650 ## - SUBJECT ADDED ENTRY--TOPICAL TERM
Topical term or geographic name as entry element हिन्दी साहित्य
General subdivision व्याख्या एवं समालोचना
650 ## - SUBJECT ADDED ENTRY--TOPICAL TERM
Topical term or geographic name as entry element Hindi literature
General subdivision Interpretation and Criticism
650 ## - SUBJECT ADDED ENTRY--TOPICAL TERM
Topical term or geographic name as entry element हिन्दी भाषा
General subdivision इतिहास एवं समालोचना
650 ## - SUBJECT ADDED ENTRY--TOPICAL TERM
Topical term or geographic name as entry element Hindi language
General subdivision History and Criticism
700 ## - ADDED ENTRY--PERSONAL NAME
Personal name विष्णुदत्त राकेश
942 ## - ADDED ENTRY ELEMENTS (KOHA)
Source of classification or shelving scheme Dewey Decimal Classification
Item type Hindi Books
Call number suffix पंकिशो
Classification part 820.92
Holdings
Withdrawn status Lost status Source of classification or shelving scheme Materials specified (bound volume or other part) Damaged status Not for loan Collection code Home library Current library Date acquired Source of acquisition Cost, normal purchase price Total Checkouts Full call number Barcode Date last seen Copy number Cost, replacement price Koha item type Public note
    Dewey Decimal Classification भाग-1   Not For Loan Non-fiction D.B.Act.Division D.B.Act.Division 06/10/2008 DBAD / PUB 5000.00   820.92 पंकिशो HN-56648 06/10/2008 1 5000.00 Hindi Books भाग-1
    Dewey Decimal Classification भाग-2   Not For Loan Non-fiction D.B.Act.Division D.B.Act.Division 06/10/2008 DBAD / PUB 5000.00   820.92 पंकिशो HN-56649 06/10/2008 1 500.00 Hindi Books भाग-2
    Dewey Decimal Classification भाग-3   Not For Loan Non-fiction D.B.Act.Division D.B.Act.Division 06/10/2008 DBAD / PUB 5000.00   820.92 पंकिशो HN-56650 06/10/2008 1 5000.00 Hindi Books भाग-3
    Dewey Decimal Classification भाग-4   Not For Loan Non-fiction D.B.Act.Division D.B.Act.Division 06/10/2008 DBAD / PUB 5000.00   820.92 पंकिशो HN-56651 06/10/2008 1 5000.00 Hindi Books भाग-4
    Dewey Decimal Classification भाग-5   Not For Loan Non-fiction D.B.Act.Division D.B.Act.Division 06/10/2008 DBAD / PUB 5000.00   820.92 पंकिशो HN-56652 06/10/2008 1 5000.00 Hindi Books भाग-5
    Dewey Decimal Classification भाग-6   Not For Loan Non-fiction D.B.Act.Division D.B.Act.Division 06/10/2008 DBAD / PUB 5000.00   820.92 पंकिशो HN-56653 06/10/2008 1 5000.00 Hindi Books भाग-6

© Delhi Public Library
Hit Counter
free hit counter